000 nam a22 7a 4500
999 _c7562
_d7562
008 170921b xxu||||| |||| 00| 0 eng d
020 _a8175820004
100 _aMukherjee Indira
_94079
245 _aTell me Answer
260 _aNew Delhi
_bBlue Bird Books
_c1997